| 000 | 00679nam a2200229 a 4500 | ||
|---|---|---|---|
| 001 | BRCA_6937 | ||
| 005 | 20190320205641.0 | ||
| 008 | 171111s1901----gw-a######---#000-0#ger-# | ||
| 041 | _ager | ||
| 044 | _agw | ||
| 050 | 4 |
_aPT2603 _b.I25 S4 1901 |
|
| 100 | 1 |
_aBierbaum, Otto Julius _d1865-1910 _915491 |
|
| 245 | 1 | 0 |
_aDie Schlangendame _cvon Otto Julius Bierbaum ; mit achtunddreissig Zeichnungen von Felix Vallotton. |
| 250 | _a3 | ||
| 260 |
_aBerlĂn y Leipzig, Alemania _bSchuster & Loeffler _c1901 |
||
| 300 |
_a145 p. _bil. _c20 cm. |
||
| 500 | _aO161 | ||
| 650 | 1 | 4 |
_aLiteratura Alemana _96160 |
| 700 | 1 |
_aVallotton, Felix _eil. _917288 |
|
| 902 | _aGFM | ||
| 942 |
_2lcc _cB |
||
| 999 |
_c6619 _d6619 |
||